The Wordsworth school dictionary

में बचाया:
ग्रंथसूची विवरण
स्वरूप: पुस्तक
भाषा:Undetermined
प्रकाशित: Ware Wordsworth Reference 1996
विषय:
टैग : टैग जोड़ें
कोई टैग नहीं, इस रिकॉर्ड को टैग करने वाले पहले व्यक्ति बनें!
Thư viện lưu trữ: Trung tâm Học liệu Trường Đại học Cần Thơ
LEADER 00544nam a2200181Ia 4500
001 CTU_192099
008 210402s9999 xx 000 0 und d
082 |a 423 
082 |b W925 
245 4 |a The Wordsworth school dictionary 
245 0 |c Edited by Catherine Schwarz 
260 |a Ware 
260 |b Wordsworth Reference 
260 |c 1996 
650 |a English language,Tiếng Anh 
650 |x Dictionaries, Juvenile,Từ điển, vị thành niên 
910 |a Hải 
980 |a Trung tâm Học liệu Trường Đại học Cần Thơ